| 000 -LEADER |
| fixed length control field |
00963nam a22003017a 4500 |
| 001 - CONTROL NUMBER |
| control field |
12674 |
| 003 - CONTROL NUMBER IDENTIFIER |
| control field |
BD-DhUAP |
| 005 - DATE AND TIME OF LATEST TRANSACTION |
| control field |
20201223123513.0 |
| 008 - FIXED-LENGTH DATA ELEMENTS--GENERAL INFORMATION |
| fixed length control field |
201223r20032008ii a b 001 0 eng |
| 020 ## - INTERNATIONAL STANDARD BOOK NUMBER |
| International Standard Book Number |
9780070495395 |
| 020 ## - INTERNATIONAL STANDARD BOOK NUMBER |
| International Standard Book Number |
0070495394 |
| 040 ## - CATALOGING SOURCE |
| Original cataloging agency |
DLC |
| Transcribing agency |
DLC |
| Modifying agency |
BD-DhUAP |
| Language of cataloging |
eng |
| 082 00 - DEWEY DECIMAL CLASSIFICATION NUMBER |
| Classification number |
628.3 WAS |
| Edition number |
23 |
| 245 ## - TITLE STATEMENT |
| Title |
Wastewater engineering : |
| Remainder of title |
treatment and reuse / |
| Statement of responsibility, etc. |
revised by George Tchobanoglous, Franklin L. Burton and H. David Stensel. |
| 250 ## - EDITION STATEMENT |
| Edition statement |
4th ed. |
| 260 ## - PUBLICATION, DISTRIBUTION, ETC. |
| Place of publication, distribution, etc. |
New Delhi: |
| Name of publisher, distributor, etc. |
Tata McGraw-hill, |
| Date of publication, distribution, etc. |
c2003 [Reprinted 2008]. |
| 300 ## - PHYSICAL DESCRIPTION |
| Extent |
xxviii, 1819 pages : |
| Other physical details |
illustrations ; |
| Dimensions |
25 cm. |
| 490 ## - SERIES STATEMENT |
| Series statement |
McGraw-Hill series in civil and environmental engineering. |
| 500 ## - GENERAL NOTE |
| General note |
Includes index. |
| 650 ## - SUBJECT ADDED ENTRY--TOPICAL TERM |
| Topical term or geographic name entry element |
Sewage disposal. |
| 650 ## - SUBJECT ADDED ENTRY--TOPICAL TERM |
| Topical term or geographic name entry element |
Sewerage. |
| 650 ## - SUBJECT ADDED ENTRY--TOPICAL TERM |
| Topical term or geographic name entry element |
Water reuse. |
| 700 ## - ADDED ENTRY--PERSONAL NAME |
| Personal name |
Tchobanoglous, George. |
| 700 ## - ADDED ENTRY--PERSONAL NAME |
| Personal name |
Burton, Franklin L. |
| 700 ## - ADDED ENTRY--PERSONAL NAME |
| Personal name |
Stensel,H. David. |
| 710 ## - ADDED ENTRY--CORPORATE NAME |
| Corporate name or jurisdiction name as entry element |
Metcalf & Eddy, Inc. |
| 942 ## - ADDED ENTRY ELEMENTS (KOHA) |
| Source of classification or shelving scheme |
|
| Koha item type |
Book |